Mundos de la madrugada /

Guardado en:
Autor Principal: Molinari, Ricardo E.
Formato: Libro
Publicado: Buenos Aires : Losada, 1943
Series:Poetas de España y América
Materias:
Etiquetas: Agregar Etiqueta
Sin Etiquetas, Sea el primero en etiquetar este registro!
LEADER 01001nam a22002175a 4500
001 CEM.cems004481
005 20110506223140.0
008 130507s1943##################000#0#####d
003 CEMS
082 0 4 |a A861.3 
100 1 |a Molinari, Ricardo E. 
245 1 0 |a Mundos de la madrugada /  |c Ricardo E. Molinari 
260 |a Buenos Aires :  |b Losada,  |c 1943 
300 |a 237 p. 
490 0 |a Poetas de España y América 
505 0 |a Hostería de la rosa y del clavel -- El tabernáculo -- Epístola satisfactoria -- Libro de la paloma -- Canciónero de Príncipe de Vergara -- Una rosa para Stefan George -- El desdichado -- Elegía -- Nunca -- La muerte en la llanura -- Casida de la bailarina -- Analecta -- in finem carminibus -- El ansioso -- La corona -- Odas a orillas de un viejo río -- Cuatro sonetos a la rosa del alma 
653 |a Literatura 
653 |a Literatura argentina 
653 |a Poesías 
653 |a Poesía argentina 
859 |a CEMS  |b BIB. CEMS - 11 de abril  |h A861.3  |i M734-1  |p 8442.80  |t Ej.1